000 00634nam a2200193Ii 4500
003 JO-AjNU
008 230606s9999||||xx |||||||||||||| ||und||
020 _a978-8-62247-754-6
040 _aJO-AjNU
_beng
_erda
_cJO-AjNU
041 _aeng
050 1 4 _aQA76.9 2020
100 3 _aEdwards,Simon,
_eauthor
_96663
245 0 0 _aModern Cryptography for Beginners:A complete Guide to Discover history, Features ,Devlopments and Applications of Modern Crypography
300 _a170p
336 _atext
_btxt
_2rdacontent
337 _aunmediated
_bn
_2rdamedia
338 _avolume
_bnc
_2rdacarrier
650 4 _aModern Cryptograohy
_96664
999 _aE3458
_c3452
_d3452